Some insects injurious to truck crops. (Record no. 7842)

MARC details
000 -LEADER
fixed length control field 00838cam a22002171 4500
001 - CONTROL NUMBER
control field agr10001425
003 - CONTROL NUMBER IDENTIFIER
control field DLC
005 - DATE AND TIME OF LATEST TRANSACTION
control field 20260227110930.0
008 - FIXED-LENGTH DATA ELEMENTS--GENERAL INFORMATION
fixed length control field 920722s1910 dcua u000 0 eng
010 ## - LIBRARY OF CONGRESS CONTROL NUMBER
LC control number agr10001425
035 ## - SYSTEM CONTROL NUMBER
System control number (OCoLC)28456937
040 ## - CATALOGING SOURCE
Original cataloging agency DLC
Transcribing agency MdBJ
Modifying agency DLC
050 00 - LIBRARY OF CONGRESS CALL NUMBER
Classification number SB933
Item number .U2 no. 82, pt. V
100 1# - MAIN ENTRY--PERSONAL NAME
Personal name March, Harold Oscar,
Dates associated with a name 1885-1919.
245 00 - TITLE STATEMENT
Title Some insects injurious to truck crops.
Remainder of title Biologic and economic notes on the yellow-bear caterpillar. [Diacrisia virginica Fab.]
Statement of responsibility, etc. By H. O. Marsh ...
260 ## - PUBLICATION, DISTRIBUTION, ETC.
Place of publication, distribution, etc. Washington,
Name of publisher, distributor, etc. Govt. print. off.,
Date of publication, distribution, etc. 1910.
300 ## - PHYSICAL DESCRIPTION
Extent iii p., 59-66 p.
Other physical details illus.
Dimensions 23 cm.
490 1# - SERIES STATEMENT
Series statement U. S. Dept. of agriculture. Bureau of entomology. Bulletin
Volume/sequential designation no. 82, pt. V
650 #0 - SUBJECT ADDED ENTRY--TOPICAL TERM
Topical term or geographic name entry element Yellow-bear caterpillar.
810 1# - SERIES ADDED ENTRY--CORPORATE NAME
Corporate name or jurisdiction name as entry element United States.
Subordinate unit Bureau of Entomology.
Title of a work Bulletin ;
Volume/sequential designation no. 82, pt. 5.

No items available.

Powered by Koha